John McAndrew's modernist vision : (Record no. 607938)

000 -LEADER
fixed length control field 01733cam a22004218i 4500
001 - CONTROL NUMBER
control field 19887146
003 - CONTROL NUMBER IDENTIFIER
control field OSt
005 - DATE AND TIME OF LATEST TRANSACTION
control field 20240221092728.0
008 - FIXED-LENGTH DATA ELEMENTS--GENERAL INFORMATION
fixed length control field 170811s2018 nyu b 000 0beng
010 ## - LIBRARY OF CONGRESS CONTROL NUMBER
LC control number 2017037920
020 ## - INTERNATIONAL STANDARD BOOK NUMBER
International Standard Book Number 9781616896409 (alk. paper)
040 ## - CATALOGING SOURCE
Original cataloging agency DLC
Language of cataloging eng
Description conventions rda
Transcribing agency DLC
042 ## - AUTHENTICATION CODE
Authentication code pcc
043 ## - GEOGRAPHIC AREA CODE
Geographic area code n-us---
050 00 - LIBRARY OF CONGRESS CALL NUMBER
Classification number NA737.M4355
Item number B33 2018
082 00 - DEWEY DECIMAL CLASSIFICATION NUMBER
Classification number 720.92
-- B
Edition number 23
Author Mark BAC
100 1# - MAIN ENTRY--PERSONAL NAME
Personal name Bacon, Mardges,
Relator term author.
9 (RLIN) 120911
245 10 - TITLE STATEMENT
Title John McAndrew's modernist vision :
Remainder of title from the Vassar College Art Library to the Museum of Modern Art in New York /
Statement of responsibility, etc. Mardges Bacon ; with contributions by Susan Donahue Kuretsky, Molly Nesbit, Thomas E. Hill, Tobias Armborst, and Elizabeth Nogrady ; photographs by Andrew Tallon.
250 ## - EDITION STATEMENT
Edition statement First edition.
260 ## - PUBLICATION, DISTRIBUTION, ETC.
Place of publication, distribution, etc. New York:
Name of publisher, distributor, etc. Princeton Architectural Press;
Date of publication, distribution, etc. 2018.
263 ## - PROJECTED PUBLICATION DATE
Projected publication date 1809
300 ## - PHYSICAL DESCRIPTION
Extent 191p.:
504 ## - BIBLIOGRAPHY, ETC. NOTE
Bibliography, etc. note Includes bibliographical references.
600 10 - SUBJECT ADDED ENTRY--PERSONAL NAME
Personal name McAndrew, John,
Dates associated with a name 1904-1978.
9 (RLIN) 120912
650 #0 - SUBJECT ADDED ENTRY--TOPICAL TERM
Topical term or geographic name entry element Architects
Geographic subdivision United States
Form subdivision Biography.
9 (RLIN) 119019
650 #0 - SUBJECT ADDED ENTRY--TOPICAL TERM
Topical term or geographic name entry element Art museum curators
Geographic subdivision United States
Form subdivision Biography.
9 (RLIN) 120913
650 #0 - SUBJECT ADDED ENTRY--TOPICAL TERM
Topical term or geographic name entry element Modern movement (Architecture)
Geographic subdivision United States.
9 (RLIN) 120914
700 1# - ADDED ENTRY--PERSONAL NAME
Personal name Kuretsky, Susan Donahue.
9 (RLIN) 120915
700 1# - ADDED ENTRY--PERSONAL NAME
Personal name Nesbit, Molly,
Dates associated with a name 1952-
9 (RLIN) 120916
700 1# - ADDED ENTRY--PERSONAL NAME
Personal name Hill, Thomas E.
Fuller form of name (Thomas Edward),
Dates associated with a name 1952-
9 (RLIN) 120917
700 1# - ADDED ENTRY--PERSONAL NAME
Personal name Armborst, Tobias.
9 (RLIN) 120918
700 1# - ADDED ENTRY--PERSONAL NAME
Personal name Nogrady, Elizabeth.
9 (RLIN) 120919
700 1# - ADDED ENTRY--PERSONAL NAME
Personal name Tallon, Andrew,
Dates associated with a name 1969-
Relator term photographer (expression)
9 (RLIN) 120920
906 ## - LOCAL DATA ELEMENT F, LDF (RLIN)
a 7
b cbc
c orignew
d 1
e ecip
f 20
g y-gencatlg
942 ## - ADDED ENTRY ELEMENTS (KOHA)
Source of classification or shelving scheme
Koha item type Book
Institution code [OBSOLETE] SADA
Call number prefix 720.92 BAC 2018
Holdings
Withdrawn status Lost status Source of classification or shelving scheme Damaged status Not for loan Permanent Location Current Location Date acquired Source of acquisition Total Checkouts Full call number Barcode Date last seen Cost, replacement price Price effective from Koha item type
          School of Art Design and Architecture (SADA) School of Art Design and Architecture (SADA) 06/25/2019 Golden Books   720.92 BAC 2018 SADA0002816 02/21/2024 5824.30 02/21/2024 Book
© 2023 Central Library, National University of Sciences and Technology. All Rights Reserved.